Mercado e institución : corporaciones comerciales, redes de negocios y crisis colonial : Guadalajara en el siglo XVIII /
Պահպանված է:
| Հիմնական հեղինակ: | |
|---|---|
| Այլ հեղինակներ: | |
| Ձևաչափ: | Էլեկտրոնային էլ․ գիրք |
| Լեզու: | իսպաներեն |
| Հրապարակվել է: |
Ciudad de México :
Bonilla Artigas Editores : Universidad Nacional Autónoma de México,
[2017]
|
| Շարք: | Pùblicahistórica ;
7. |
| Խորագրեր: | |
| Առցանց հասանելիություն: | Digitalia Hispánica |
| Ցուցիչներ: |
Ավելացրեք ցուցիչ
Չկան պիտակներ, Եղեք առաջինը, ով նշում է այս գրառումը!
|
MARC
| LEADER | 00000nam a2200000 i 4500 | ||
|---|---|---|---|
| 001 | DIGBONART0158 | ||
| 003 | NyNyDIG | ||
| 007 | cr ||||||||||| | ||
| 008 | 200608s2017 mx a ob 000 0 spa d | ||
| 006 | m o d | ||
| 035 | |a (OCoLC)1258693348 | ||
| 040 | |a DGITA |b eng |e rda |e pn |c DGITA | ||
| 020 | |a 9786078560431 |q eBook | ||
| 020 | |z 9786078560059 |q Bonilla Artigas Editores | ||
| 020 | |z 9786070296277 |q UNAM | ||
| 043 | |a n-mx--- |a e-sp--- | ||
| 050 | 1 | 4 | |a HC138.G8 ebook |
| 082 | 1 | 4 | |a 330.97235 |
| 100 | 1 | |a Ibarra, Antonio, |e author. | |
| 245 | 1 | 0 | |a Mercado e institución : |b corporaciones comerciales, redes de negocios y crisis colonial : Guadalajara en el siglo XVIII / |c Antonio Ibarra ; presentación de Eric Van Young. |
| 264 | 1 | |a Ciudad de México : |b Bonilla Artigas Editores : |b Universidad Nacional Autónoma de México, |c [2017] | |
| 300 | |a 1 online resource : |b illustrations. | ||
| 336 | |a text |b txt |2 rdacontent | ||
| 337 | |a computer |b c |2 rdamedia | ||
| 338 | |a online resource |b cr |2 rdacarrier | ||
| 347 | |a text file |2 rdaft | ||
| 347 | |b PDF | ||
| 490 | 1 | |a Pùblicahistórica ; |v 7 | |
| 504 | |a Includes bibliographical references. | ||
| 588 | 0 | |a Online resource; title from PDF title page (Digitalia, viewed June 15, 2021) | |
| 651 | 0 | |a Guadalajara (Mexico) |x Economic conditions |y 18th century. | |
| 651 | 0 | |a Mexico |x Foreign relations |z Spain |y 18th century. | |
| 651 | 0 | |a Spain |x Foreign relations |z Mexico |y 18th century. | |
| 655 | 0 | |a Electronic books. | |
| 700 | 1 | |a Van Young, Eric, |e contributor agent of text. | |
| 793 | 0 | |g Digitalia eBook Collection: |a Bonilla Artigas Editores | |
| 776 | 0 | 8 | |i Print version: |a Ibarra, Antonio. |t Mercado e institución. |b Primera edición. |d Ciudad de México : Bonilla Artigas Editores : Universidad Nacional Autónoma de México, 2017 |z 9786078560059 |w (DLC) 2018381650 |w (OCoLC)1031482191 |
| 830 | 0 | |a Pùblicahistórica ; |v 7. | |
| 856 | 4 | 0 | |3 Digitalia Hispánica |u https://digitalia.unach.elogim.com/a/81459/ |
| 910 | |a Premium collection: 2021 | ||